000 00335nam a2200133Ia 4500
008 230524s9999 xx 000 0 und d
020 _a9788185986173
100 _aR.K. Narayan
_936635
245 0 _aMalgudi days
260 _bIndia Thought
500 _aQuantity Number: 1
650 _aPersonality Development
_936636
942 _cBK
999 _c50676
_d50676